| 000 | 00570nam a2200169 4500 | ||
|---|---|---|---|
| 001 | 127603 | ||
| 003 | ES-MaACL | ||
| 005 | 20230906193039.0 | ||
| 007 | t| | ||
| 008 | 070214s1935 sp r ||||1| spa d | ||
| 100 | 1 |
_aRiu y Periquet, Daniel. _997505 |
|
| 245 | 1 | 3 |
_aLa liquidación de los presupuestos del Estado y esbozo de un plan de política financiera / _cpor Daniel Riu y Periquet. |
| 260 |
_aMadrid : _bUnión Nacional Económica, _c1935. |
||
| 300 |
_a76 p. ; _c23 cm. |
||
| 710 | 2 |
_aUnión Nacional Económica (España) _97050 |
|
| 852 |
_aES-MaACL _j1818-F-13 |
||
| 999 |
_c127603 _d127603 |
||